000 00233nmm a2200085Ia 4500
008 220120s9999||||xx |||||||||||||||||und||
100 _aPCQ
245 0 _aDecember 2010 : 100 free software, 10healthcare sollutions,
260 _aCyber tech
999 _c139637
_d139637